| 000 | 00536nam a2200181Ia 4500 | ||
|---|---|---|---|
| 003 | GCL | ||
| 008 | 140319s9999 xx 000 0 ara d | ||
| 040 |
_aGCL / _cGCL |
||
| 082 | 0 | 4 |
_a839.7 _bس ا |
| 100 | 1 | _aسترندبرج، اوجست | |
| 245 | 1 | 0 |
_aالاب ومس جوليا / _cسترندبرج، اوجست |
| 700 | 1 | _aعبدالحليم البشلاوى | |
| 490 |
_aمكتبة الفنون الدرامية _v0 |
||
| 650 | 0 | 4 | _aالادب |
| 650 | 0 | 4 | _aالقصة |
| 650 | 0 | 4 | _aالادب السويدى |
| 942 |
_2ddc _cBK |
||
| 999 |
_c39900 _d39900 |
||